000 00673nam a2200289Ia 4500
005 20260324133106.0
008 008 260324s9999 xx 000 0 eng d
020 _a9781315030036
037 _aEBOOK
040 _aCRL
040 _beng
040 _cCRL
041 _2eng
041 _aeng
084 _qCRL
100 _aChristopher Dresser
_91191759
245 0 _aJapan
245 0 _bIts Architecture, Art, and Art Manufactures
260 _bTaylor and Francis
260 _c2003
365 _a
365 _b350
856 _uhttp://www.taylorfrancis.com/books/9781315030036
942 _cEBOOK
999 _c1790499
_d1790499